| 000 -LEADER |
| fixed length control field |
00947pam a2200313 a 4500 |
| 001 - CONTROL NUMBER |
| control field |
11369888 |
| 003 - CONTROL NUMBER IDENTIFIER |
| control field |
OSt |
| 005 - DATE AND TIME OF LATEST TRANSACTION |
| control field |
20210420054858.0 |
| 008 - FIXED-LENGTH DATA ELEMENTS--GENERAL INFORMATION |
| fixed length control field |
841101s1985 us a 00110 eng d |
| 010 ## - LIBRARY OF CONGRESS CONTROL NUMBER |
| LC control number |
84023169 |
| 020 ## - INTERNATIONAL STANDARD BOOK NUMBER |
| International Standard Book Number |
0803682115 (pbk.) |
| 025 ## - OVERSEAS ACQUISITION NUMBER |
| Overseas acquisition number |
000000061367 |
| 040 ## - CATALOGING SOURCE |
| Original cataloging agency |
NLM |
| Transcribing agency |
NLM |
| Modifying agency |
YYE |
| 049 ## - LOCAL HOLDINGS (OCLC) |
| Holding library |
VZYM |
| 080 ## - UNIVERSAL DECIMAL CLASSIFICATION NUMBER |
| Universal Decimal Classification number |
616.8 |
| Item number |
S-89 |
| 096 ## - LOCALLY ASSIGNED NLM-TYPE CALL NUMBER (OCLC) |
| Classification number |
WL 141 S927m 1985 |
| 100 10 - MAIN ENTRY--PERSONAL NAME |
| Personal name |
Strub, Richard L., |
| Dates associated with a name |
1939- |
| 245 14 - TITLE STATEMENT |
| Title |
The mental status examination in neurology / |
| Statement of responsibility, etc. |
Richard L. Strub, F. William Black ; foreword by Norman Geschwind. |
| 250 ## - EDITION STATEMENT |
| Edition statement |
2nd ed. |
| 260 0# - PUBLICATION, DISTRIBUTION, ETC. |
| Place of publication, distribution, etc. |
Philadelphia : |
| Name of publisher, distributor, etc. |
F.A. Davis, |
| Date of publication, distribution, etc. |
c1985. |
| 300 ## - PHYSICAL DESCRIPTION |
| Extent |
xi, 232 p. : |
| Other physical details |
ill. |
| 590 ## - LOCAL NOTE (RLIN) |
| Local note |
c.1 6721-87 Login 10/31/85 $16 FOE gw. |
| 650 #2 - SUBJECT ADDED ENTRY--TOPICAL TERM |
| Topical term or geographic name entry element |
Nervous System Diseases |
| General subdivision |
diagnosis. |
| 650 #2 - SUBJECT ADDED ENTRY--TOPICAL TERM |
| Topical term or geographic name entry element |
Neurologic Examination. |
| 653 ## - INDEX TERM--UNCONTROLLED |
| Uncontrolled term |
ნევროლოგია |
| 700 10 - ADDED ENTRY--PERSONAL NAME |
| Personal name |
Black, F. William. |
| 700 #0 - ADDED ENTRY--PERSONAL NAME |
| Personal name |
Strub,L.Richard |
| 9 (RLIN) |
355 |
| 942 ## - ADDED ENTRY ELEMENTS (KOHA) |
| Source of classification or shelving scheme |
|
| Koha item type |
Books |